Through Mashonaland with pick and pen. (Record no. 120338)
[ view plain ]
| 000 -LEADER | |
|---|---|
| fixed length control field | 00953cam a2200301 4500 |
| 001 - CONTROL NUMBER | |
| control field | 3619396 |
| 003 - CONTROL NUMBER IDENTIFIER | |
| control field | ARRUPE |
| 005 - DATE AND TIME OF LATEST TRANSACTION | |
| control field | 20140402110502.0 |
| 008 - FIXED-LENGTH DATA ELEMENTS--GENERAL INFORMATION | |
| fixed length control field | 731210s1973 sa 000 0aeng |
| 010 ## - LIBRARY OF CONGRESS CONTROL NUMBER | |
| LC control number | 73177050 |
| 015 ## - NATIONAL BIBLIOGRAPHY NUMBER | |
| National bibliography number | SA*** |
| 020 ## - INTERNATIONAL STANDARD BOOK NUMBER | |
| International Standard Book Number | 0949937017 |
| -- | 0949937027 (de luxe) |
| 040 ## - CATALOGING SOURCE | |
| Original cataloging agency | DLC |
| Transcribing agency | DLC |
| Modifying agency | DLC |
| 043 ## - GEOGRAPHIC AREA CODE | |
| Geographic area code | f-rh--- |
| 050 00 - LIBRARY OF CONGRESS CALL NUMBER | |
| Classification number | DT962.9.M35 |
| Item number | F57 1973 |
| 082 00 - DEWEY DECIMAL CLASSIFICATION NUMBER | |
| Classification number | 916.89/1 |
| 300 ## - PHYSICAL DESCRIPTION | |
| Dimensions | 21 cm. |
| 100 1# - MAIN ENTRY--PERSONAL NAME | |
| Personal name | Fitzpatrick, Percy, |
| Titles and other words associated with a name | Sir, |
| Dates associated with a name | 1862-1931. |
| 9 (RLIN) | 9643 |
| 245 10 - TITLE STATEMENT | |
| Title | Through Mashonaland with pick and pen. |
| Statement of responsibility, etc | Edited and introduced by A. P. Cartwright |
| 250 ## - EDITION STATEMENT | |
| Edition statement | [Rev. ed. |
| 260 ## - PUBLICATION, DISTRIBUTION, ETC. (IMPRINT) | |
| Place of publication, distribution, etc | Johannesburg] |
| Name of publisher, distributor, etc | Ad. Donker |
| Date of publication, distribution, etc | [1973] |
| 300 ## - PHYSICAL DESCRIPTION | |
| Extent | 135 p. |
| 490 0# - SERIES STATEMENT | |
| Series statement | Africana library |
| 600 10 - SUBJECT ADDED ENTRY--PERSONAL NAME | |
| Personal name | Fitzpatrick, Percy, |
| Titles and other words associated with a name | Sir, |
| Dates associated with a name | 1862-1931. |
| 9 (RLIN) | 9644 |
| 651 #0 - SUBJECT ADDED ENTRY--GEOGRAPHIC NAME | |
| Geographic name | Mashonaland |
| General subdivision | Description and travel. |
| 9 (RLIN) | 9645 |
| 700 1# - ADDED ENTRY--PERSONAL NAME | |
| Personal name | Cartwright, Alan Patrick, |
| Relator term | ed. |
| 9 (RLIN) | 9646 |
| 906 ## - LOCAL DATA ELEMENT F, LDF (RLIN) | |
| a | 7 |
| b | cbc |
| c | orignew |
| d | 4 |
| e | ncip |
| f | 19 |
| g | y-gencatlg |
| 942 ## - ADDED ENTRY ELEMENTS (KOHA) | |
| Source of classification or shelving scheme | Library of Congress Classification |
| Koha item type | REFERENCE |
| Withdrawn status | Lost status | Source of classification or shelving scheme | Damaged status | Not for loan | Collection code | Home library | Current library | Shelving location | Date acquired | Total Checkouts | Full call number | Barcode | Date last seen | Price effective from | Koha item type |
|---|---|---|---|---|---|---|---|---|---|---|---|---|---|---|---|
| Library of Congress Classification | SPECIAL Collection | ARRUPE LIBRARY | ARRUPE LIBRARY | Main Collection | 02/04/2014 | SPC DT962.9.M35 F57 1973 | 46500001820 | 02/04/2014 | 02/04/2014 | REFERENCE |